000
00352nam a2200157Ia 4500
003
OSt
005
20240327115704.0
008
170524s9999 xx 000 0 und d
020
_a
8847609003
040
_c
IIMTU MEERUT
100
_a
Bonechi - B. E.
245
0
_a
Cuisine of The King
260
_b
Bonechi - B. E.
260
_c
2003
942
_2
ddc
_c
02
999
_c
6692
_d
6692